[Event "LSS RC-2010-0-00052"]
[Site "LSS email"]
[Date "2010.10.08"]
[Round "?"]
[White "Castrejon, Luis Carlos"]
[Black "Sherwood, Russell"]
[Result "1-0"]
[WhiteElo "1739"]
[BlackElo "1678"]
[PlyCount "113"]
[EventDate "2010.07.18"]
[EventType "tourn (corr)"]
[EventRounds "6"]
[EventCountry "GER"]
[SourceTitle "Telechess CBM 147"]
[Source "ChessBase"]
[SourceDate "2012.03.16"]
[SourceVersion "1"]
[SourceVersionDate "2012.03.16"]
[SourceQuality "1"]

1. e4 c5 2. Nf3 d6 3. d4 cxd4 4. Nxd4 Nf6 5. Nc3 a6 6. h3 e6 7. g4 d5 8. exd5 Nxd5 9. Nde2 Bb4 10. Bg2 0-0 11. 0-0 Nxc3 12. Nxc3 Qc7 13. Qd4 Nc6 14. Bxc6 Bxc3 15. Qxc3 bxc6 16. Be3 e5 17. Rae1 Re8 18. Bd4 f6 19. f4 e4 20. Re3 f5 21. Be5 Qa7 22. Kh2 Qb7 23. Rg1 g6 24. Qc5 a5 25. Rb3 Qf7 26. Qxc6 Be6 27. Rb7 Rac8 28. Rxf7 Rxc6 29. Rg7+ Kf8 30. Rxh7 Rxc2+ 31. Kg3 Rd2 32. Rh6 Bf7 33. Kh4 fxg4 34. hxg4 e3 35. Re1 e2 36. Kg5 Bxa2 37. Rh8+ Ke7 38. Rxe8+ Kxe8 39. Kxg6 Bc4 40. Bc3 Rd1 41. f5 a4 42. Kg5 Kf8 43. Kf4 Kg8 44. g5 a3 45. bxa3 Rd3 46. Rxe2 Rxc3 47. Re8+ Kg7 48. Rc8 Rh3 49. Kg4 Rc3 50. Rc7+ Kf8 51. Kf4 Rc2 52. Ke5 Bd3 53. Rxc2 Bxc2 54. Kf6 Ba4 55. g6 Bd7 56. Kg5 Kg8 57. f6 1-0

[Event "LSS RC-2010-0-00052"]
[Site "LSS email"]
[Date "2010.10.08"]
[Round "?"]
[White "Kampmann, Marcel"]
[Black "Castrejon, Luis Carlos"]
[Result "1/2-1/2"]
[WhiteElo "1590"]
[BlackElo "1700"]
[PlyCount "63"]
[EventDate "2010.07.18"]
[EventType "tourn (corr)"]
[EventRounds "6"]
[EventCountry "GER"]
[SourceTitle "Telechess CBM 143"]
[Source "ChessBase"]
[SourceDate "2011.07.15"]
[SourceVersion "1"]
[SourceVersionDate "2011.07.15"]
[SourceQuality "1"]

1. c4 c5 2. Nc3 b6 3. Nf3 Bb7 4. g3 Nf6 5. Bg2 e6 6. 0-0 Be7 7. d4 cxd4 8. Qxd4 a6 9. Be3 Bc5 10. Qf4 Bxe3 11. Qxe3 0-0 12. Rfd1 Bc6 13. Qf4 Ra7 14. e4 Qc7 15. Qe3 Ba8 16. h3 d6 17. b3 Nc6 18. Rac1 Qb8 19. Rd2 b5 20. Rcd1 bxc4 21. Rxd6 cxb3 22. axb3 Rc8 23. Bf1 Ne8 24. R6d2 Qxb3 25. Ra2 Qb7 26. Rb1 Qe7 27. Rxa6 Rxa6 28. Bxa6 Rd8 29. Bb5 Qc7 30. Be2 Nf6 31. e5 Nd7 32. Nb5 1/2-1/2

[Event "OP-2010-0-01270"]
[Site "LSS email"]
[Date "2010.10.01"]
[Round "?"]
[White "Bester, Kazimierz"]
[Black "Castrejon, Luis Carlos"]
[Result "0-1"]
[WhiteElo "704"]
[BlackElo "1700"]
[PlyCount "56"]
[EventDate "2010.09.17"]
[EventType "tourn (corr)"]
[EventRounds "4"]
[EventCountry "GER"]
[SourceTitle "Telechess CBM 143"]
[Source "ChessBase"]
[SourceDate "2011.07.15"]
[SourceVersion "1"]
[SourceVersionDate "2011.07.15"]
[SourceQuality "1"]

1. f4 d5 2. Nf3 Nf6 3. e3 g6 4. Be2 Bg7 5. 0-0 c5 6. c3 0-0 7. Na3 a6 8. d4 Qc7 9. Ne5 Nbd7 10. Rf3 Ne4 11. Qe1 Nxe5 12. fxe5 Bg4 13. Rf1 Bxe2 14. Qxe2 b5 15. Nc2 Rac8 16. Ne1 Qb6 17. Kh1 b4 18. c4 e6 19. Nf3 dxc4 20. Qxc4 cxd4 21. Qxd4 Qb7 22. b3 Rfd8 23. Qb2 Qb5 24. Re1 Qd3 25. Re2 Nc3 26. Rd2 Qf1+ 27. Ng1 Nd1 28. Rxd1 Rxd1 0-1